000 01604nam a2200277Ia 4500
003 OSt
005 20211020100721.0
008 210310s2005 ck ad fr 000 0dspa d
020 _a9583375071
040 _aCO-JMCR
_cCO-JMCR
041 0 _aspa
082 0 4 _a339.5 /
_bR488c
_223
100 1 _aFfrench, Davis, Ricardo,
_917130
_eeditor
245 1 0 _aCrecimiento esquivo y volatilidad financiera /
_cRicardo Ffrench-Davis, editor
250 _aPrimera edición
260 _aBogotá :
_bCepal : Mayol Ediciones,
_c2005
300 _axvi, 152 páginas :
_bilustraciones y gráficas a blanco y negro ;
_c24 cm.
490 0 _aEconomía de América Latina
500 _aIncluye notas a pie de página y datos biográficos del autor.
504 _aIncluye bibliografía al final de cada capitulo.
505 0 _tMacroeconomía para el crecimiento y globalización financiera: cuatro temas estratégicos /
_rRicardo Ffrench-Davis
_tLos caminos para superar las frustraciones de América Latina /
_rJosé Antonio Ocampo
_tEstabilidad macroeconómica e inversiones de los fondos de pensiones: El caso de Chile /
_rRoberto Zahler
_tEstabilidad macroeconómica real y la cuenta de capitales en Chile y Colombia /
_rRicardo Ffrench-Davis y Leonardo Villar
_tBasilea II: su impacto en los mercados emergentes y su economía política /
_rStephany Griffith-Jones y Avinash Persaud, con Stephen Spratt y Miguel Segoviano
650 1 4 _aMacroeconomía
_917822
_zAmérica Latina
650 2 4 _aDesarrollo económico
_zAmérica Latina
_941217
650 2 4 _aPolítica económica
_zAmérica Latina
_96784
942 _2ddc
_cBK
999 _c8626
_d8626